Prague Castle /

Hlavní autor: Burian, Jiří, 1935-1999
Další autoři: Svoboda, Jiří, 1933-
Jazyk: Angličtina
Vydáno: Prague : Olympia, 1989
Vydání: 2. ed.
Edice: Olympia Guide
Témata:
Fyzický popis: 116 s.
Knihy
Uloženo v:
LEADER 00873nam a22003012a 4500
001 000828152
003 CZ BrMZK
005 20210929134449.0
007 ta
008 061009s1989 xr er|||||||||||eng d
015 |a cnb000045408 
040 |a BOA001  |b cze 
041 1 |a eng  |h cze 
080 9 |a 908.437.10(036) 
100 1 |a Burian, Jiří,  |d 1935-1999  |7 jk01020369  |4 aut 
245 1 0 |a Prague Castle /  |c Jiří Burian, Jiří Svoboda 
250 |a 2. ed. 
260 |a Prague :  |b Olympia,  |c 1989 
300 |a 116 s. 
490 1 |a Olympia Guide 
500 |a Přeloženo z češtiny 
700 1 |a Svoboda, Jiří,  |d 1933-  |7 jk01121991  |4 aut 
830 0 |a Olympia Guide 
910 |a BOA001  |b 2-0939.060 
964 |a Praha - Hrad - průvodci 
990 |a BK 
991 |b 200610 
996 6 |b 2619337498  |c 2-0939.060  |l MZK  |r Sklad / do 1 hodiny  |n 0  |w 000828152  |u 000010  |a 1  |e BOA001  |j MZK50  |s P